Ľudia si prajú benefity, ktoré súvisia s voľnom
Pred vojnou na Ukrajine sme neevidovali takmer žiaden záujem cudzincov o slovenský trh práce, tvrdí Nikola Richterová z portálu Profesia. Tá nám v rozhovore priblížila aktuálnu situáciu na Slovensku z hľadiska zamestnanosti, aktuálnych problémov a zmien nielen vplyvom pandémie.
Uložené v:
| Hlavný autor: | |
|---|---|
| Ďalší autori: | |
| Médium: | Kapitola |
| Jazyk: | Slovak |
| Predmet: | |
| Tagy: |
Žiadne tagy, Buďte prvý, kto otaguje tento záznam!
|
MARC
| LEADER | 00000naa a2200000 4500 | ||
|---|---|---|---|
| 001 | 0290904 | ||
| 005 | 20240417075224.9 | ||
| 041 | 0 | |a slo | |
| 044 | |a SK | ||
| 245 | 1 | 0 | |a Ľudia si prajú benefity, ktoré súvisia s voľnom |c Gabriela Alenová, Nikola Richterová |
| 520 | |a Pred vojnou na Ukrajine sme neevidovali takmer žiaden záujem cudzincov o slovenský trh práce, tvrdí Nikola Richterová z portálu Profesia. Tá nám v rozhovore priblížila aktuálnu situáciu na Slovensku z hľadiska zamestnanosti, aktuálnych problémov a zmien nielen vplyvom pandémie. | ||
| 610 | 2 | 0 | |a trh práce |
| 610 | 2 | 0 | |a benefity |
| 610 | 2 | 0 | |a dovolenka |
| 610 | 2 | 0 | |a zamestnanosť |
| 610 | 2 | 0 | |a zamestnanci |
| 610 | 2 | 0 | |a pandémia |
| 610 | 2 | 0 | |a Ukrajina |
| 100 | 1 | |a Alenová, Gabriela | |
| 700 | 1 | |a Richterová, Nikola | |